| 000 | 00455cam a22001337a 4500 | ||
|---|---|---|---|
| 008 | 180718b1975 xxu||||| |||| 00| 0 eng d | ||
| 020 | _a0470601450 | ||
| 082 | _aB 084 M582 | ||
| 245 |
_aBehavioral research methods in environmental design _cedited by William Michelson |
||
| 260 |
_aStroudsburg _bDowden, Hutchinson & Ross _c1975 |
||
| 300 | _a307p | ||
| 650 | _aSocial sciences -Methodology.Human ecology.City planning. | ||
| 700 | _aMichelson, William .ed | ||
| 999 |
_c416438 _d416438 |
||